Highest GDP Per Capita Of Countries - Statistics

General Stats
  • This quiz has been taken 47 times
  • The average score is 16 of 20
Answer Stats
Hint Answer % Correct
$92k Switzerland
93%
$234.3k Monaco
90%
$89.2k Norway
90%
$53.7k Finland
88%
$70.2k USA
88%
$133.6k Luxembourg
85%
$57.8k Netherlands
85%
$72.8k Singapore
85%
$61k Sweden
85%
$53.6k Austria
83%
$100.2k Ireland
83%
$51.2k Belgium
80%
$68k Denmark
80%
$51.2k Germany
80%
$68.7k Iceland
80%
$52k Canada
78%
$60.4k Australia
73%
$66.8k Qatar
73%
$52.2k Israel
60%
$49.8k Hong Kong
18%
No matching quizzes found
Score Distribution
Percent of People with Each Score
Percentile by Number Answered
Your Score History
You have not taken this quiz